000 00739nam a2200205Ii 4500
003 JO-AjNU
008 230605s9999||||xx |||||||||||||| ||und||
017 _a2006/4/740
040 _aJO-AjNU
_bara
_erda
_cJO-AjNU
041 _aara
050 1 4 _aBF721.J32.2011
100 3 _aالجبالي،حمزة,
_eauthor
_931072
245 0 0 _aمشاكل الطفل و المراهق النفسية
264 3 1 _aعمان:دار اسامة للنشر والتوزيع،دار المشرق الثقافي ،2011
300 _a232ص
336 _atext
_btxt
_2rdacontent
337 _aunmediated
_bn
_2rdamedia
338 _avolume
_bnc
_2rdacarrier
650 4 _aالمشاكل الاجتماعية-الاطفال-رعاية الطفولة
_931073
999 _aA12388
_c15956
_d15956